| 000 | 00616nam a2200205 a 4500 | ||
|---|---|---|---|
| 005 | 20240919063841.0 | ||
| 008 | 991125s1986 mx 000 0 spa u | ||
| 020 | _a9684521804 | ||
| 035 | _aUPN01000123317 | ||
| 049 | _aCG | ||
| 050 | 4 |
_aF1208 _bS5.3a |
|
| 100 | 1 |
_aSierra, Justo, _d1848-1912 _928551 |
|
| 245 | 1 | 0 |
_aEvolución política del pueblo mexicano / _cpor Justo Sierra ; pról. Alfonso Reyes. |
| 260 |
_aMéxico : _bPorrúa, _cc1986. |
||
| 300 | _axix, 304 p. | ||
| 440 | 0 |
_aSepan cuantos ; _v515 |
|
| 651 | 4 |
_aMéxico _xHistoria _94558 |
|
| 651 | 4 |
_aMéxico _xPolítica y gobierno _94512 |
|
| 905 | _aLibro | ||
| 999 |
_c95498 _d95498 |
||